NHBC foundation (Record no. 120489)
[ view plain ]
| 000 -LEADER | |
|---|---|
| fixed length control field | 01103cai a2200193 4500 |
| 001 - CONTROL NUMBER | |
| control field | ##WS133760 |
| 008 - FIXED-LENGTH DATA ELEMENTS--GENERAL INFORMATION | |
| fixed length control field | 060608n2012 000 0 eng u |
| 035 ## - SYSTEM CONTROL NUMBER | |
| System control number | (Sirsi) u133760 |
| 041 0# - LANGUAGE CODE | |
| Language code of text/sound track or separate title | eng |
| 110 2# - MAIN ENTRY--CORPORATE NAME | |
| Corporate name or jurisdiction name as entry element | NHBC Foundation |
| 9 (RLIN) | 4948 |
| 245 00 - TITLE STATEMENT | |
| Title | NHBC foundation |
| Remainder of title | housing research in partnership with BRE trust |
| Medium | [electronic resource] |
| 520 ## - SUMMARY, ETC. | |
| Summary, etc. | Since its inception in 2006, the NHBC Foundation's work has focused primarily on the sustainability agenda and the challenges of the government's 2016 zero carbon homes target. Collaborative website promoting best practice use of innovative and non-conventional housing systems, components and technologies; research projects; and an extensive list of publications which require you to login to download or view. |
| 651 #4 - SUBJECT ADDED ENTRY--GEOGRAPHIC NAME | |
| Geographic name | United Kingdom |
| Chronological subdivision | |
| 690 ## - LOCAL SUBJECT ADDED ENTRY--TOPICAL TERM (OCLC, RLIN) | |
| Topical term or geographic name as entry element | Sustainability |
| 9 (RLIN) | 6271 |
| 690 ## - LOCAL SUBJECT ADDED ENTRY--TOPICAL TERM (OCLC, RLIN) | |
| Topical term or geographic name as entry element | Residential property |
| 9 (RLIN) | 6266 |
| 690 ## - LOCAL SUBJECT ADDED ENTRY--TOPICAL TERM (OCLC, RLIN) | |
| Topical term or geographic name as entry element | Construction management |
| 9 (RLIN) | 6230 |
| 856 40 - ELECTRONIC LOCATION AND ACCESS | |
| Uniform Resource Identifier | <a href="https://www.nhbcfoundation.org/Home/tabid/335/Default.aspx">https://www.nhbcfoundation.org/Home/tabid/335/Default.aspx</a> |
| Public note | View the website free of charge or register to download publications at www.nhbcfoundation.org |
| 942 ## - ADDED ENTRY ELEMENTS (KOHA) | |
| Suppress in OPAC | 0 |
| Withdrawn status | Lost status | Source of classification or shelving scheme | Damaged status | Not for loan | Home library | Current library | Shelving location | Date acquired | Total Checkouts | Full call number | Barcode | Date last seen | Copy number | Price effective from | Koha item type |
|---|---|---|---|---|---|---|---|---|---|---|---|---|---|---|---|
| Dewey Decimal Classification | Virtual | Virtual | Online | 08/06/2006 | WEB SITE | 133760-1001 | 06/08/2019 | 1 | 06/08/2019 | Online material |